Personnes célèbres de Provence-Alpes-Côte d'Azur par images - Statistiques

Statistiques générales
  • Ce quiz a été pris 6 181 fois
    6 104 depuis la dernière actualisation
  • Le résultat moyen est 10 sur 16
Statistiques - réponses
Par images Réponse % Correct
Zinédine Zidane
96%
Soprano
93%
Hugo Lloris
91%
Clara Luciani
86%
Simone Veil
85%
Jenifer
76%
Éric Ciotti
72%
Cyril Féraud
60%
Fernandel
59%
Michèle Laroque
49%
Eugénie Le Sommer
43%
Chantal Lauby
40%
Jeanne Calment
39%
Dick Rivers
26%
Marcel Pagnol
24%
Surya Bonaly
24%
Aucun quiz correspondant
Distribution des résultats
% des personnes avec chaque résultat
Percentile par nombre de réponses
Votre historique - résultats
Vous n’avez pas pris ce quiz depuis la dernière actualisation